| 000 | 00791nam a22002417a 4500 | ||
|---|---|---|---|
| 005 | 20170124105944.0 | ||
| 010 | _aA-953397 | ||
| 020 | _c70.00 | ||
| 035 | _aA-953397 | ||
| 037 | _bCen Lib/Ret | ||
| 040 |
_aDPL _bEN |
||
| 082 |
_a270.2 _bSHA |
||
| 100 |
_aShahul Hameed Manbayee _912006 |
||
| 245 |
_aMarried Life in isalam / _cby M.Y. Shahul Hameed Manbayee ; trnslated by M. Shamshuddin Sahib ; edited by M. Abdul Wahhab Sahib |
||
| 260 |
_bHameediyya Pathippagam _c1997 _aPerambular |
||
| 270 |
_bPerambular _a230/D,-50-C, Rana Nagar _e621212 |
||
| 300 |
_a260p. _c17cm(Hb) |
||
| 650 |
_aIslam _95289 |
||
| 650 |
_aMarried life _912007 |
||
| 700 |
_aM. Shamshudin Sahib _973445 |
||
| 700 |
_aM. Abdul Wahhab Sahib _912008 |
||
| 942 |
_2ddc _cEN _h270.2 _mSHA |
||
| 999 |
_c124807 _d124807 |
||